Innovative Vehicle Support System (Military Convoys) / (Record no. 615873)

000 -LEADER
fixed length control field 00658nam a22001697a 4500
003 - CONTROL NUMBER IDENTIFIER
control field NUST
082 ## - DEWEY DECIMAL CLASSIFICATION NUMBER
Classification number 621.382,TAR
100 ## - MAIN ENTRY--PERSONAL NAME
Personal name Tariq, Shehryar
9 (RLIN) 132847
245 ## - TITLE STATEMENT
Title Innovative Vehicle Support System (Military Convoys) /
Statement of responsibility, etc. Shehryar Tariq, Samar Abbas Khan, Waleed Bin Waheed and Hamza Bahar (BETE-52)
260 ## - PUBLICATION, DISTRIBUTION, ETC.
Place of publication, distribution, etc. Rawalpindi
Name of publisher, distributor, etc. MCs (NUST)
Date of publication, distribution, etc. May, 2019
300 ## - PHYSICAL DESCRIPTION
Extent iii, 63p.;
505 ## - FORMATTED CONTENTS NOTE
Formatted contents note Introduction (Page-1), Background Study (Page-6), Detailed Design (Page-9), Issued Faced (Page-30), Conclusion (Page-61).
650 ## - SUBJECT ADDED ENTRY--TOPICAL TERM
Topical term or geographic name entry element UG Project
9 (RLIN) 131132
651 ## - SUBJECT ADDED ENTRY--GEOGRAPHIC NAME
Geographic name BETE-52
9 (RLIN) 132848
700 ## - ADDED ENTRY--PERSONAL NAME
Personal name Supervised by Asst Prof Aimen Aakif
9 (RLIN) 132849
942 ## - ADDED ENTRY ELEMENTS (KOHA)
Source of classification or shelving scheme
Koha item type Project Report
Holdings
Withdrawn status Lost status Source of classification or shelving scheme Damaged status Not for loan Permanent Location Current Location Shelving location Date acquired Total Checkouts Full call number Barcode Date last seen Price effective from Koha item type Public note
          Military College of Signals (MCS) Military College of Signals (MCS) Reference 01/20/2026   621.382,TAR MCSPTE-280 01/20/2026 01/20/2026 Project Report Almirah No.90, Shelf No.4
© 2023 Central Library, National University of Sciences and Technology. All Rights Reserved.